[Event "DLM 2011"]
[Site "Xanten GER"]
[Date "2011.10.31"]
[Round "1"]
[White "Hahn, Markus"]
[Black "Weber, Max"]
[Result "1-0"]
[Termination "normal"]
[Board "4.1"]
[WhiteElo "2167"]
[BlackElo "2026"]
[WhiteTeam "Hessen"]
[BlackTeam "Mecklenburg-Vorpommern"]
[PlyCount "147"]
[WhiteFideId "24654647"]
[BlackFideId "4624831"]
[EventCountry "GER"]
[EventRounds "7"]
[EventType "team-swiss"]
[EventDate "2011.10.30"]

1. d4 Nf6 2. c4 g6 3. Nf3 Bg7 4. Nc3 d5 5. Bg5 Ne4 6. Bh4 Nxc3 7. bxc3 dxc4 8.
Qa4+ Qd7 9. Qxc4 b6 10. Qb3 Ba6 11. e3 Bxf1 12. Kxf1 O-O 13. Ke2 Nc6 14. Rhd1
Na5 15. Qa3 e6 16. Rac1 Nc4 17. Qb3 Qd5 18. Kf1 b5 19. Bg3 c6 20. Nd2 Nxd2+ 21.
Rxd2 Qxb3 22. axb3 a5 23. Ra2 Ra7 24. Bd6 Rfa8 25. Rca1 Bf8 26. Bxf8 Kxf8 27.
Ke2 Ke7 28. Kd3 Kd6 29. g4 h6 30. h4 f6 31. c4 e5 32. f3 Ke6 33. cxb5 cxb5 34.
Rc1 a4 35. Rc6+ Kf7 36. Rb6 axb3 37. Rxa7+ Rxa7 38. Rxb5 exd4 39. exd4 Ra3 40.
Ke4 Ke6 41. h5 gxh5 42. gxh5 Ra6 43. Rxb3 f5+ 44. Kf4 Rd6 45. Rd3 Rd5 46. Ke3
f4+ 47. Kxf4 Rxh5 48. Ke4 Rh1 49. Ra3 Re1+ 50. Kf4 h5 51. Ra6+ Kd5 52. Ra5+
Kxd4 53. Rxh5 Re8 54. Rf5 Rg8 55. Rf6 Rg1 56. Kf5 Ke3 57. f4 Rf1 58. Re6+ Kf3
59. Ra6 Kg3 60. Ra4 Kh4 61. Kg6 Rg1+ 62. Kf6 Kh5 63. f5 Rb1 64. Re4 Rb6+ 65.
Re6 Rb7 66. Ra6 Rb1 67. Ra7 Rb6+ 68. Kg7 Kg5 69. Rf7 Rb8 70. f6 Rb6 71. Rf8
Rb7+ 72. f7 Rb6 73. Rg8 Rb7 74. Kh8+ 1-0

[Event "DLM 2011"]
[Site "Xanten GER"]
[Date "2011.10.31"]
[Round "1"]
[White "Schreiber, Kevin"]
[Black "Hahn, Florian"]
[Result "1/2-1/2"]
[Termination "normal"]
[Board "4.2"]
[WhiteElo "1819"]
[BlackElo "2028"]
[WhiteTeam "Mecklenburg-Vorpommern"]
[BlackTeam "Hessen"]
[PlyCount "120"]
[WhiteFideId "24655830"]
[BlackFideId "24659720"]
[EventCountry "GER"]
[EventRounds "7"]
[EventType "team-swiss"]
[EventDate "2011.10.30"]

1. d4 Nf6 2. c4 e6 3. Nf3 b6 4. e3 Bb7 5. Bd3 Be7 6. b3 O-O 7. Nbd2 d5 8. O-O
Nbd7 9. Qc2 h6 10. e4 dxe4 11. Nxe4 Nxe4 12. Bxe4 Qc8 13. Bb2 Nf6 14. Bxb7 Qxb7
15. Rfe1 Rfe8 16. Rad1 Rad8 17. h3 Nh5 18. Ne5 Bd6 19. Qe4 Qxe4 20. Rxe4 Nf6
21. Re2 Bxe5 22. Rxe5 Rd7 23. Rde1 Red8 24. f4 c6 25. f5 exf5 26. Rxf5 a6 27.
a4 Rb8 28. d5 cxd5 29. Bxf6 gxf6 30. Rxd5 Rxd5 31. cxd5 Rd8 32. Rc1 Rxd5 33.
Rc6 b5 34. Rxa6 bxa4 35. bxa4 Kg7 36. Ra8 Rd2 37. a5 Ra2 38. a6 h5 39. h4 f5
40. g3 Kh7 41. Kf1 Kg7 42. Ra7 Kf6 43. Ra8 Kg7 44. Kg1 Kh7 45. Kf1 Kg7 46. Ke1
Kh7 47. Kd1 Ra3 48. a7 Ra2 49. Kc1 Kg7 50. Kb1 Ra5 51. Kb2 Ra4 52. Kb3 Ra1 53.
Kc4 Ra5 54. Kd4 Kh7 55. Ke3 Ra4 56. Kd3 Kg7 57. Kc3 Ra1 58. Kb4 Ra2 59. Kb5
Rb2+ 60. Kc6 Ra2 1/2-1/2

[Event "DLM 2011"]
[Site "Xanten GER"]
[Date "2011.10.31"]
[Round "1"]
[White "Höpfner, Tim"]
[Black "Ispirjan, Mikael"]
[Result "1-0"]
[Termination "normal"]
[Board "4.3"]
[WhiteElo "1967"]
[BlackElo "1923"]
[WhiteTeam "Hessen"]
[BlackTeam "Mecklenburg-Vorpommern"]
[PlyCount "104"]
[WhiteFideId "4638310"]
[BlackFideId "1271217"]
[EventCountry "GER"]
[EventRounds "7"]
[EventType "team-swiss"]
[EventDate "2011.10.30"]

1. d4 Nf6 2. c4 c5 3. d5 e6 4. Nc3 exd5 5. cxd5 d6 6. Nf3 g6 7. g3 Bg7 8. Bg2
O-O 9. O-O a6 10. a4 Nbd7 11. Nd2 Nh5 12. e4 Ne5 13. Qc2 f5 14. f4 Nf7 15. Bh3
fxe4 16. Bxc8 Qxc8 17. Ndxe4 Qf5 18. Qg2 Nf6 19. Ng5 Nd8 20. Re1 Ng4 21. Nge4
Re8 22. Bd2 Nf7 23. h3 Nf6 24. g4 Qc8 25. Nxf6+ Bxf6 26. Rxe8+ Qxe8 27. Re1 Qd7
28. Qe4 Bd4+ 29. Kg2 Rf8 30. a5 Qd8 31. Na4 Qh4 32. Re2 Ne5 33. Be1 Qf6 34. Bg3
Nc4 35. b3 Nxa5 36. Qd3 b5 37. Re6 Qd8 38. Nc3 Re8 39. f5 Rxe6 40. dxe6 gxf5
41. gxf5 Nc6 42. Qf3 Bxc3 43. Qxc6 Be5 44. Qd7 Bf6 45. Qxd8+ Bxd8 46. Bxd6 c4
47. bxc4 bxc4 48. e7 Bxe7 49. Bxe7 Kf7 50. Bg5 h6 51. Bxh6 Kf6 52. Bd2 Kxf5 1-0

[Event "DLM 2011"]
[Site "Xanten GER"]
[Date "2011.10.31"]
[Round "1"]
[White "Schmalhorst, Sophia"]
[Black "Hingst, Silke"]
[Result "1-0"]
[Termination "normal"]
[Board "4.5"]
[WhiteElo "1879"]
[BlackElo "1849"]
[WhiteTeam "Hessen"]
[BlackTeam "Mecklenburg-Vorpommern"]
[PlyCount "49"]
[WhiteFideId "24682497"]
[BlackFideId "4624564"]
[EventCountry "GER"]
[EventRounds "7"]
[EventType "team-swiss"]
[EventDate "2011.10.30"]

1. e4 c5 2. Nf3 d6 3. Nc3 Nf6 4. d4 cxd4 5. Nxd4 a6 6. a4 Nc6 7. Be2 Qb6 8. Nb3
e6 9. Be3 Qc7 10. a5 d5 11. exd5 Nxd5 12. Nxd5 exd5 13. O-O Be6 14. Bf3 Qe5 15.
Re1 Bb4 16. c3 Bd6 17. g3 Qf5 18. Nc5 Ne5 19. Bg2 Bxc5 20. Bxc5 Nd3 21. Qa4+ b5
22. axb6+ Kd8 23. Qc6 Nxc5 24. Qxa8+ Bc8 25. Qc6 1-0

[Event "DLM 2011"]
[Site "Xanten GER"]
[Date "2011.10.31"]
[Round "1"]
[White "Schmekel, Florian"]
[Black "Sancar, Alina"]
[Result "0-1"]
[Termination "normal"]
[Board "4.6"]
[WhiteElo "1551"]
[BlackElo "1816"]
[WhiteTeam "Mecklenburg-Vorpommern"]
[BlackTeam "Hessen"]
[PlyCount "50"]
[WhiteFideId "12913456"]
[BlackFideId "4624750"]
[EventCountry "GER"]
[EventRounds "7"]
[EventType "team-swiss"]
[EventDate "2011.10.30"]

1. d4 d5 2. c4 c6 3. Nc3 Nf6 4. Nf3 e6 5. Bg5 Be7 6. e3 Nbd7 7. Bd3 dxc4 8.
Bxc4 a6 9. O-O b5 10. Bd3 c5 11. b3 Bb7 12. Be2 O-O 13. Qd2 Qb6 14. Rfd1 cxd4
15. Qxd4 Qxd4 16. Nxd4 Rac8 17. Rac1 e5 18. Nf5 Ba3 19. Rc2 Rc7 20. Kf1 b4 21.
Ne7+ Kh8 22. Ncd5 Rxc2 23. Nxf6 Nxf6 24. Rd6 Rc1+ 25. Bd1 Ne4 0-1

[Event "DLM 2011"]
[Site "Xanten GER"]
[Date "2011.10.31"]
[Round "1"]
[White "Graf, Clara Victoria"]
[Black "Klinge, Alexandra"]
[Result "1-0"]
[Termination "normal"]
[Board "4.7"]
[WhiteElo "1701"]
[BlackElo "1337"]
[WhiteTeam "Hessen"]
[BlackTeam "Mecklenburg-Vorpommern"]
[PlyCount "103"]
[WhiteFideId "1270339"]
[EventCountry "GER"]
[EventRounds "7"]
[EventType "team-swiss"]
[EventDate "2011.10.30"]

1. e4 e5 2. Nf3 Nc6 3. d4 exd4 4. Nxd4 Nf6 5. Nxc6 bxc6 6. e5 Qe7 7. Qe2 Nd5 8.
c4 Nb6 9. b3 a5 10. Bb2 a4 11. Nd2 axb3 12. axb3 Rxa1+ 13. Bxa1 Qa3 14. Qd1 Bb4
15. Bd3 Qa5 16. Bb2 O-O 17. Qc2 Bxd2+ 18. Qxd2 Qxd2+ 19. Kxd2 d6 20. Ra1 Nd7
21. f4 Nc5 22. Kc2 Nxd3 23. Kxd3 Rd8 24. Ke3 Be6 25. Ra7 Rb8 26. Ke4 d5+ 27.
Kd4 h6 28. Bc3 Rxb3 29. Rxc7 dxc4 30. Rxc6 Rb1 31. Ke4 Rc1 32. Bb4 Rc2 33. f5
Bd7 34. Rc7 Ba4 35. Kf3 Bb3 36. e6 c3 37. e7 Ba4 38. Rc8+ Kh7 39. e8=Q Bxe8 40.
Rxe8 Rc1 41. Rc8 Rf1+ 42. Kg4 h5+ 43. Kxh5 Rxf5+ 44. Kg4 Kg6 45. Rxc3 Rg5+ 46.
Kf3 Rf5+ 47. Kg3 Rg5+ 48. Kf2 Rf5+ 49. Rf3 Rb5 50. Bc3 Rb3 51. Rg3+ Kh5 52.
Bxg7 1-0

[Event "DLM 2011"]
[Site "Xanten GER"]
[Date "2011.10.31"]
[Round "1"]
[White "Sadewasser, Lucie"]
[Black "Peter, Anton"]
[Result "1/2-1/2"]
[Termination "normal"]
[Board "4.8"]
[WhiteElo "1292"]
[BlackElo "1726"]
[WhiteTeam "Mecklenburg-Vorpommern"]
[BlackTeam "Hessen"]
[PlyCount "85"]
[WhiteFideId "12905445"]
[BlackFideId "12901660"]
[EventCountry "GER"]
[EventRounds "7"]
[EventType "team-swiss"]
[EventDate "2011.10.30"]

1. e4 c5 2. Nc3 Nc6 3. f4 g6 4. Nf3 Bg7 5. Bc4 e6 6. d3 Nge7 7. O-O O-O 8. Qe1
d5 9. Bb3 Na5 10. Bd2 Nxb3 11. axb3 b6 12. Ra2 Bb7 13. Nb1 a5 14. e5 Qd7 15.
Na3 Ba6 16. h3 Nc6 17. g4 Nb4 18. Bxb4 axb4 19. Nb1 Rfe8 20. Qh4 Qe7 21. Qxe7
Rxe7 22. c4 Bb7 23. Rxa8+ Bxa8 24. Nbd2 Ra7 25. Re1 $11 Ra2 26. Rb1 f6 27. Re1
fxe5 28. Nxe5 Rxb2 29. Ndf3 dxc4 30. dxc4 Bxf3 31. Nxf3 h6 32. Rxe6 Rxb3 33.
Kg2 Rc3 34. Rxg6 Rxc4 35. f5 Kh7 36. Rxb6 Rc2+ 37. Kg3 Rc3 38. Rb7 Kg8 39. Rb8+
Kf7 40. Rb7+ Kf8 41. Rb8+ Kf7 42. Rb7+ Kg8 43. Rb8+ 1/2-1/2

[Event "DLM 2011"]
[Site "Xanten GER"]
[Date "2011.10.31"]
[Round "1"]
[White "Mazarov, Jürgen"]
[Black "Savchenko, Aleksij"]
[Result "1/2-1/2"]
[Termination "normal"]
[Board "5.1"]
[WhiteElo "2129"]
[BlackElo "2251"]
[WhiteTeam "Nordrhein-Westfalen 2"]
[BlackTeam "Nordrhein-Westfalen 1"]
[PlyCount "35"]
[WhiteFideId "24617768"]
[BlackFideId "24611727"]
[EventCountry "GER"]
[EventRounds "7"]
[EventType "team-swiss"]
[EventDate "2011.10.30"]

1. e4 c5 2. Nf3 e6 3. d4 cxd4 4. Nxd4 a6 5. c4 Qh4 6. Nc3 Bb4 7. Bd3 Nc6 8. Nf3
Qh5 9. O-O Nf6 10. Na4 b5 11. cxb5 axb5 12. Nb6 Rb8 13. Nxc8 Rxc8 14. Qe2 Bd6
15. h3 b4 16. Be3 Ne5 17. Bd4 Nxf3+ 18. Qxf3 1/2-1/2

[Event "DLM 2011"]
[Site "Xanten GER"]
[Date "2011.10.31"]
[Round "1"]
[White "Kahleys, Kevin"]
[Black "Kremser, Michael"]
[Result "1-0"]
[Termination "normal"]
[Board "5.2"]
[WhiteElo "2157"]
[BlackElo "2048"]
[WhiteTeam "Nordrhein-Westfalen 1"]
[BlackTeam "Nordrhein-Westfalen 2"]
[PlyCount "113"]
[WhiteFideId "24669601"]
[BlackFideId "1270131"]
[EventCountry "GER"]
[EventRounds "7"]
[EventType "team-swiss"]
[EventDate "2011.10.30"]

1. d4 d5 2. c4 e6 3. g3 Nf6 4. Nf3 c6 5. Bg2 Bd6 6. O-O Nbd7 7. Nc3 O-O 8. Nd2
Be7 9. e4 dxe4 10. Ndxe4 Nxe4 11. Nxe4 Nf6 12. Nc3 Qa5 13. Be3 Rd8 14. Qe2 e5
15. d5 Bg4 16. Qe1 Qa6 17. Rc1 Rd7 18. Bd2 Re8 19. a3 cxd5 20. cxd5 e4 21. Nxe4
Be2 22. Nc3 Bxf1 23. Bxf1 Qb6 24. Bb5 Bc5 25. Qf1 Bd4 26. Bxd7 Nxd7 27. b4 Ne5
28. Kg2 Qg6 29. Nb5 h5 30. f3 Bb6 31. Re1 f6 32. Qe2 Kf8 33. f4 Nd3 34. Qxe8+
Qxe8 35. Rxe8+ Kxe8 36. Kf3 Kd7 37. Be3 Ne1+ 38. Ke2 Bxe3 39. Kxe3 a6 40. Nd4
Kd6 41. Nf5+ Kxd5 42. Nxg7 h4 43. gxh4 Ng2+ 44. Kf3 Nxh4+ 45. Kg4 Ng6 46. Kf5
Nh4+ 47. Kxf6 Kc4 48. Nf5 Ng2 49. Ke5 Ne1 50. h4 Nd3+ 51. Ke4 a5 52. Ne3+ Kc3
53. bxa5 Nc5+ 54. Kd5 Nd7 55. f5 Kd3 56. Ke6 Nc5+ 57. Ke7 1-0

[Event "DLM 2011"]
[Site "Xanten GER"]
[Date "2011.10.31"]
[Round "1"]
[White "Glatzel, Jonas"]
[Black "Tran, Duc Cuong"]
[Result "0-1"]
[Termination "normal"]
[Board "5.3"]
[WhiteElo "1906"]
[BlackElo "2034"]
[WhiteTeam "Nordrhein-Westfalen 2"]
[BlackTeam "Nordrhein-Westfalen 1"]
[PlyCount "112"]
[WhiteFideId "12937800"]
[BlackFideId "24689718"]
[EventCountry "GER"]
[EventRounds "7"]
[EventType "team-swiss"]
[EventDate "2011.10.30"]

1. e4 c5 2. c3 Nf6 3. e5 Nd5 4. d4 cxd4 5. Nf3 e6 6. cxd4 Nc6 7. a3 d6 8. Bd3
Be7 9. O-O O-O 10. Qe2 Bd7 11. Bd2 Qb6 12. Nc3 Nxd4 13. Qe4 Nxf3+ 14. gxf3 g6
15. Nxd5 exd5 16. Qxd5 Bc6 17. Qc4 Bxf3 18. Bh6 Rfe8 19. Qf4 Bd5 20. Rad1 Bb3
21. Rde1 Rad8 22. e6 Bxe6 23. Rxe6 fxe6 24. Qg4 Kf7 25. Be3 Qxb2 26. Bd4 Qd2
27. Qf3+ Kg8 28. Kh1 e5 29. Qd5+ Kg7 30. Be3 Qc3 31. Bc4 Rf8 32. Rb1 b6 33. Qe6
Bf6 34. Rc1 Qxa3 35. Bd5 Rde8 36. Rc7+ Kh8 37. Qd7 Re7 38. Rc8 Bg7 39. Rxf8+
Bxf8 40. Qd8 Kg7 41. Bg5 Rf7 42. Bxf7 Qf3+ 43. Kg1 Qxf7 44. h4 d5 45. f4 exf4
46. Qb8 Be7 47. Qe5+ Bf6 48. Bxf6+ Qxf6 49. Qc7+ Qf7 50. Qe5+ Qf6 51. Qc7+ Kh6
52. Qxa7 Qd4+ 53. Kf1 Qd3+ 54. Kg1 Qe3+ 55. Kh2 Qg3+ 56. Kh1 f3 0-1

[Event "DLM 2011"]
[Site "Xanten GER"]
[Date "2011.10.31"]
[Round "1"]
[White "Schröder, Kevin"]
[Black "Flüchter, Gregor"]
[Result "0-1"]
[Termination "normal"]
[Board "5.4"]
[WhiteElo "2042"]
[BlackElo "1895"]
[WhiteTeam "Nordrhein-Westfalen 1"]
[BlackTeam "Nordrhein-Westfalen 2"]
[PlyCount "92"]
[WhiteFideId "12929840"]
[BlackFideId "12903396"]
[EventCountry "GER"]
[EventRounds "7"]
[EventType "team-swiss"]
[EventDate "2011.10.30"]

1. e4 c5 2. Nf3 d6 3. d4 cxd4 4. Nxd4 Nf6 5. Nc3 a6 6. h3 g6 7. g4 Bg7 8. Bg2
O-O 9. Be3 e5 10. Nb3 Nc6 11. Qd2 Qc7 12. g5 Ne8 13. Nd5 Qd8 14. O-O-O b5 15.
h4 Be6 16. Qc3 Rc8 17. Bb6 Qd7 18. Nc5 dxc5 19. Nf6+ Nxf6 20. Rxd7 Nxd7 21. h5
Nxb6 22. Qf3 Ne7 23. Bh3 Bxh3 24. Qxh3 Rc6 25. hxg6 fxg6 26. Qxh7+ Kf7 27. Qh3
Rh8 28. Qf3+ Ke8 29. Re1 Rf8 30. Qa3 Nc4 31. Qg3 Rd6 32. Rf1 Rd4 33. c3 Rxe4
34. b3 Nd6 35. Qd3 Nec8 36. f3 Ref4 37. Qxg6+ R8f7 38. Qh5 e4 39. g6 R7f5 40.
Qh1 Rxf3 41. Re1 Rxc3+ 42. Kb1 Rf2 43. Qh7 Kf8 44. Qh4 Rb2+ 45. Ka1 Rc1+ 46.
Rxc1 Rxb3+ 0-1

[Event "DLM 2011"]
[Site "Xanten GER"]
[Date "2011.10.31"]
[Round "1"]
[White "Rosenfeld, Elisabeth"]
[Black "Meyers, Mark"]
[Result "0-1"]
[Termination "normal"]
[Board "5.5"]
[WhiteElo "1745"]
[BlackElo "1808"]
[WhiteTeam "Nordrhein-Westfalen 2"]
[BlackTeam "Nordrhein-Westfalen 1"]
[PlyCount "64"]
[WhiteFideId "4624742"]
[BlackFideId "12927716"]
[EventCountry "GER"]
[EventRounds "7"]
[EventType "team-swiss"]
[EventDate "2011.10.30"]

1. e4 c5 2. Nf3 e6 3. d4 cxd4 4. Nxd4 Nc6 5. Be3 Nf6 6. Nc3 Bb4 7. f3 d5 8. Bb5
Bd7 9. Bxc6 Bxc6 10. e5 Nd7 11. f4 Qa5 12. Bd2 Qc5 13. Nce2 Bxd2+ 14. Qxd2 Rc8
15. O-O Bb5 16. Rf2 Bxe2 17. Rxe2 Qb6 18. c3 Nc5 19. Kh1 O-O 20. Rf1 Qa6 21.
Qe3 f5 22. Rf3 Ne4 23. Rh3 Rc4 24. Nf3 Qxa2 25. Nd2 Nxd2 26. Qxd2 Rxf4 27. Rf3
Rxf3 28. gxf3 Qc4 29. Re1 f4 30. Rg1 Rf5 31. Qg2 g6 32. Qh3 Qe2 0-1

[Event "DLM 2011"]
[Site "Xanten GER"]
[Date "2011.10.31"]
[Round "1"]
[White "Kuckling, Hannah"]
[Black "Buckels, Valentin"]
[Result "1-0"]
[Termination "normal"]
[Board "5.6"]
[WhiteElo "1782"]
[BlackElo "1699"]
[WhiteTeam "Nordrhein-Westfalen 1"]
[BlackTeam "Nordrhein-Westfalen 2"]
[PlyCount "67"]
[WhiteFideId "24603660"]
[BlackFideId "12942766"]
[EventCountry "GER"]
[EventRounds "7"]
[EventType "team-swiss"]
[EventDate "2011.10.30"]

1. e4 c5 2. Nc3 d6 3. Bb5+ Bd7 4. Bxd7+ Nxd7 5. d3 Ngf6 6. f4 g6 7. Nf3 Bg7 8.
O-O O-O 9. Qe1 Nb6 10. Qh4 Nfd7 11. f5 e6 12. Bg5 f6 13. fxg6 hxg6 14. Bh6 a6
15. Bxg7 Kxg7 16. Qg4 Qe8 17. Ne2 Rh8 18. Nf4 Nf8 19. b4 e5 20. bxc5 dxc5 21.
Rab1 Qc6 22. Nh3 Nbd7 23. Nh4 b5 24. Rf3 Qe6 25. Nf5+ Kg8 26. Qg3 Qxa2 27. Rbf1
Qe6 28. Ne3 Kg7 29. Nd5 Rc8 30. Nxf6 Nxf6 31. Rxf6 Qxf6 32. Rxf6 Kxf6 33. Qg5+
Ke6 34. Qg4+ 1-0

[Event "DLM 2011"]
[Site "Xanten GER"]
[Date "2011.10.31"]
[Round "1"]
[White "Bork, Sophie"]
[Black "Gordeeva, Vitalia"]
[Result "0-1"]
[Termination "normal"]
[Board "5.7"]
[WhiteElo "1488"]
[BlackElo "1715"]
[WhiteTeam "Nordrhein-Westfalen 2"]
[BlackTeam "Nordrhein-Westfalen 1"]
[PlyCount "136"]
[WhiteFideId "12905429"]
[BlackFideId "24688053"]
[EventCountry "GER"]
[EventRounds "7"]
[EventType "team-swiss"]
[EventDate "2011.10.30"]

1. e4 c5 2. c3 e6 3. d4 a6 4. Nf3 b5 5. Be3 Qc7 6. Be2 Bb7 7. Nbd2 Nf6 8. e5
Nd5 9. O-O d6 10. exd6 Bxd6 11. dxc5 Bxc5 12. Bxc5 Qxc5 13. Nb3 Qc7 14. Re1 O-O
15. Qc2 Nd7 16. Bd3 N7f6 17. Rad1 Nf4 18. Be2 Ng4 19. h3 Bxf3 20. Bxf3 Nxh3+
21. gxh3 Qh2+ 22. Kf1 Qxh3+ 23. Bg2 Nh2+ 24. Kg1 Nf3+ 25. Bxf3 Qxf3 26. Re3 Qh5
27. Rg3 Rad8 28. Rd4 e5 29. Rdd3 f5 30. Rh3 Qf7 31. Rdg3 e4 32. Rg2 Rd6 33.
Rgh2 Rfd8 34. Nd4 h6 35. a3 Qc4 36. Qb1 a5 37. Rg2 b4 38. Rhg3 R8d7 39. Kh2 Qf7
40. Qc2 g5 41. Rg1 f4 42. Rh3 Re7 43. Kg2 f3+ 44. Kh1 Qf4 45. Qb3+ Kh7 46. Qd1
bxa3 47. bxa3 Red7 48. Qc2 Kg7 49. Qd1 Kh8 50. Qc1 Qxc1 51. Rxc1 Kh7 52. Kg1
Kg6 53. Rh1 Rb7 54. Kh2 Rb2 55. Rhf1 g4 56. Kg3 h5 57. Rh1 e3 58. Rhf1 Kg5 59.
Rce1 h4+ 60. Kh2 g3+ 61. Kh3 Rf6 62. Rxe3 g2 63. Rfe1 Rxf2 64. Re5+ Kg6 65.
Kxh4 Rf1 66. Rg5+ Kf7 67. Rge5 g1=Q 68. Re7+ Kg6 0-1

[Event "DLM 2011"]
[Site "Xanten GER"]
[Date "2011.10.31"]
[Round "1"]
[White "Sherif, Amina"]
[Black "Gatzke, Carolin"]
[Result "1-0"]
[Termination "normal"]
[Board "5.8"]
[WhiteElo "1509"]
[BlackElo "1409"]
[WhiteTeam "Nordrhein-Westfalen 1"]
[BlackTeam "Nordrhein-Westfalen 2"]
[PlyCount "132"]
[WhiteFideId "12911690"]
[BlackFideId "12943746"]
[EventCountry "GER"]
[EventRounds "7"]
[EventType "team-swiss"]
[EventDate "2011.10.30"]

1. e4 c5 2. Nc3 a6 3. g4 d6 4. Bg2 Nc6 5. d3 Ne5 6. h3 e6 7. Nf3 Nc6 8. Be3 Be7
9. a3 a5 10. Qd2 Nf6 11. O-O O-O 12. d4 cxd4 13. Nxd4 Ne5 14. b3 Rb8 15. Ndb5
b6 16. Rfd1 Ne8 17. Bf4 f6 18. a4 Bb7 19. Nd4 Nc7 20. Ndb5 Ne8 21. Be3 g5 22.
Qd4 Ba8 23. Rd2 Nc6 24. Qc4 Ng7 25. Rad1 Ne5 26. Qe2 Ne8 27. f4 gxf4 28. Bxf4
Nf7 29. Qc4 e5 30. Be3 Kh8 31. Nd5 Bxd5 32. exd5 Rc8 33. Qd3 Ng5 34. Na7 Ra8
35. Nc6 Qc7 36. Qb5 Qb7 37. Qxb6 Qxb6 38. Bxb6 Rf7 39. h4 f5 40. gxf5 Nf3+ 41.
Bxf3 Bxh4 42. Be4 Nf6 43. Bg2 Nd7 44. Bxa5 Rxf5 45. Rf1 Rg5 46. Bc7 Rg6 47. Rf7
Nf6 48. Kf1 Ne8 49. Bb6 Nf6 50. a5 Ng4 51. Bg1 Kg8 52. Rf3 e4 53. Rh3 Rf6+ 54.
Ke2 Bg5 55. Rd1 e3 56. Rf3 Raf8 57. Rxf6 Rxf6 58. Rf1 Rh6 59. a6 Nh2 60. Ra1
Ng4 61. a7 Rf6 62. a8=Q+ Kg7 63. Ra7+ Kg6 64. Qg8+ Kf5 65. Qxh7+ Kf4 66. Rf7 K

[Event "DLM 2011"]
[Site "Xanten GER"]
[Date "2011.11.02"]
[Round "6"]
[White "Krassowizkij, Jaroslaw"]
[Black "Schulz, Jens"]
[Result "1-0"]
[Termination "normal"]
[Board "1.1"]
[WhiteTitle "FM"]
[WhiteElo "2357"]
[BlackElo "2186"]
[WhiteTeam "Württemberg"]
[BlackTeam "Niedersachsen"]
[PlyCount "75"]
[WhiteFideId "1271703"]
[BlackFideId "24675687"]
[EventCountry "GER"]
[EventRounds "7"]
[EventType "team-swiss"]
[EventDate "2011.10.30"]

1. d4 d5 2. c4 c6 3. Nf3 Nf6 4. Nc3 e6 5. Bg5 h6 6. Bh4 dxc4 7. e4 b5 8. e5 g5
9. Nxg5 hxg5 10. Bxg5 Nbd7 11. g3 Qb6 12. exf6 Bb7 13. Bg2 O-O-O 14. O-O c5 15.
d5 b4 16. Na4 Qa6 17. a3 Ne5 18. axb4 Bxd5 19. Bxd5 Rxd5 20. Qe2 cxb4 21. Nc3
Ra5 22. Rxa5 Qxa5 23. Ne4 Qd5 24. Rd1 Qc6 25. Qe3 Nd3 26. Rxd3 cxd3 27. Qxd3
Bc5 28. Nxc5 Qxc5 29. Qa6+ Kd7 30. Be3 Qc6 31. Qxa7+ Kc8 32. Qxf7 Qe4 33. h4
Rd8 34. Qh5 Qb1+ 35. Kh2 Rd1 36. Qf3 Rd8 37. Qc6+ Kb8 38. Bf4+ 1-0

[Event "DLM 2011"]
[Site "Xanten GER"]
[Date "2011.11.02"]
[Round "6"]
[White "Kyas, Philipp"]
[Black "Wenninger, Philipp"]
[Result "0-1"]
[Termination "normal"]
[Board "1.2"]
[WhiteElo "2100"]
[BlackElo "2143"]
[WhiteTeam "Niedersachsen"]
[BlackTeam "Württemberg"]
[PlyCount "108"]
[WhiteFideId "24670936"]
[BlackFideId "4648404"]
[EventCountry "GER"]
[EventRounds "7"]
[EventType "team-swiss"]
[EventDate "2011.10.30"]

1. d4 d5 2. c4 c6 3. Nf3 Nf6 4. Nc3 a6 5. e3 b5 6. b3 Bg4 7. Be2 e6 8. O-O Nbd7
9. Bb2 Bd6 10. h3 Bf5 11. Rc1 O-O 12. Re1 Qb8 13. c5 Bc7 14. Bd3 Re8 15. e4
dxe4 16. Nxe4 Bxe4 17. Rxe4 Bf4 18. Ne5 Nxe4 19. Nxd7 Bh2+ 20. Kf1 Qf4 21. Bxe4
Qxe4 22. g3 Bxg3 23. fxg3 Qh1+ 24. Kf2 Qh2+ 25. Ke3 Qxb2 26. Rc2 Qa3 27. Qg4
Red8 28. Ne5 Qa5 29. Nxc6 Qe1+ 30. Re2 Qg1+ 31. Rf2 Qc1+ 32. Ke2 Re8 33. Ne5
Ra7 34. c6 Rc7 35. h4 Rec8 36. Qe4 f6 37. Nd3 Qxc6 38. Qg4 f5 39. Qf4 Qd5 40.
Nb4 Qd7 41. Qe5 a5 42. Nd3 Rc2+ 43. Ke3 Rxf2 44. Kxf2 Qd5 45. Qxd5 Rc2+ 46. Ke3
exd5 47. Kf4 Rxa2 48. Ke5 a4 49. bxa4 bxa4 50. Kxd5 Rg2 51. Nc5 a3 52. Nb3 a2
53. Ke6 Rxg3 54. Na1 Rg1 0-1

[Event "DLM 2011"]
[Site "Xanten GER"]
[Date "2011.11.02"]
[Round "6"]
[White "Kvetny, Mark"]
[Black "Schreiner, Till"]
[Result "0-1"]
[Termination "normal"]
[Board "1.3"]
[WhiteElo "2125"]
[BlackElo "2150"]
[WhiteTeam "Württemberg"]
[BlackTeam "Niedersachsen"]
[PlyCount "74"]
[WhiteFideId "24603929"]
[BlackFideId "24675555"]
[EventCountry "GER"]
[EventRounds "7"]
[EventType "team-swiss"]
[EventDate "2011.10.30"]

1. d4 Nf6 2. c4 g6 3. Nc3 Bg7 4. e4 d6 5. Be2 O-O 6. Nf3 e5 7. O-O Nc6 8. d5
Ne7 9. Ne1 Nd7 10. Nd3 f5 11. Bd2 Kh8 12. f3 Nf6 13. g4 h6 14. h4 Neg8 15. Kg2
Nh7 16. Rh1 fxg4 17. fxg4 Bf6 18. Qe1 c6 19. Qg3 g5 20. h5 Ne7 21. b4 b5 22.
Nb2 bxc4 23. Nxc4 cxd5 24. exd5 Bb7 25. Qd3 Nxd5 26. Nxd5 e4 27. Qxe4 Re8 28.
Bd3 Rxe4 29. Bxe4 Qd7 30. Nce3 Re8 31. Bf3 Bd4 32. Rac1 Bxe3 33. Bxe3 Bxd5 34.
Bd4+ Nf6 35. Bxf6+ Kh7 36. Bxd5 Qxg4+ 37. Kf1 Qf4+ 0-1

[Event "DLM 2011"]
[Site "Xanten GER"]
[Date "2011.11.02"]
[Round "6"]
[White "Koop, Thorben"]
[Black "Gibicar, Danijel"]
[Result "1-0"]
[Termination "normal"]
[Board "1.4"]
[WhiteElo "2098"]
[BlackElo "2061"]
[WhiteTeam "Niedersachsen"]
[BlackTeam "Württemberg"]
[PlyCount "113"]
[WhiteFideId "24661619"]
[BlackFideId "24660256"]
[EventCountry "GER"]
[EventRounds "7"]
[EventType "team-swiss"]
[EventDate "2011.10.30"]

1. e4 e6 2. Nc3 d5 3. Nf3 Nf6 4. e5 Nfd7 5. d4 c5 6. dxc5 Nc6 7. Bf4 Bxc5 8.
Bd3 h6 9. h4 a6 10. O-O Qc7 11. Rb1 b5 12. Re1 Bb7 13. Qd2 Nb6 14. Ne2 O-O-O
15. Ng3 Nc4 16. Qe2 Nd4 17. Nxd4 Bxd4 18. c3 Bc5 19. b3 Nb6 20. a4 g5 21. hxg5
hxg5 22. Be3 Bxe3 23. Qxe3 Bc6 24. Ne2 Rh4 25. f3 d4 26. cxd4 Nd5 27. Qxg5 Rdh8
28. Kf2 Qb6 29. Rbc1 Kd7 30. Be4 R4h5 31. Qg7 Bb7 32. Qxf7+ Ne7 33. a5 Qa7 34.
Nf4 Qxd4+ 35. Ke2 Qxe5 36. Red1+ Bd5 37. Nxd5 exd5 38. Rxd5+ Qxd5 39. Bxd5 Rxd5
40. Rd1 Rxd1 41. Kxd1 Rc8 42. Kd2 Rc6 43. g4 Rd6+ 44. Ke1 Re6+ 45. Kf2 Kd6 46.
f4 Nd5 47. Qa7 Re4 48. Qxa6+ Kc5 49. Qc8+ Kd4 50. Qh8+ Kd3 51. Qh7 Kd4 52. a6
Rxf4+ 53. Kg3 Ke3 54. Qh6 Ke4 55. Qe6+ Kd4 56. Qxd5+ Kxd5 57. Kxf4 1-0

[Event "DLM 2011"]
[Site "Xanten GER"]
[Date "2011.11.02"]
[Round "6"]
[White "Schäfer, Daniela"]
[Black "Kickert, Germaine Helene"]
[Result "1/2-1/2"]
[Termination "normal"]
[Board "1.5"]
[WhiteElo "1927"]
[BlackElo "1998"]
[WhiteTeam "Württemberg"]
[BlackTeam "Niedersachsen"]
[PlyCount "52"]
[WhiteFideId "4624769"]
[BlackFideId "24614890"]
[EventCountry "GER"]
[EventRounds "7"]
[EventType "team-swiss"]
[EventDate "2011.10.30"]

1. e4 e5 2. Nf3 Nc6 3. Bb5 Nf6 4. O-O Nxe4 5. Re1 Nd6 6. Nxe5 Be7 7. Nxc6 dxc6
8. Bd3 Be6 9. Nc3 Qd7 10. b3 Bf6 11. Bb2 O-O 12. Rb1 Bf5 13. Bxf5 Qxf5 14. Re3
Bd4 15. Rf3 Qe5 16. Qe1 Rfe8 17. Qxe5 Bxe5 18. Kf1 Rad8 19. Re1 Bd4 20. Rxe8+
Rxe8 21. Nd1 Bxb2 22. Nxb2 Kf8 23. Na4 Re5 24. Nc3 Ke7 25. Re3 Re6 26. Ke2 h6
1/2-1/2